Dinosaures de Jurassic World - Statistiques

Statistiques générales
  • Ce quiz a été pris 546 fois
    206 depuis la dernière actualisation
  • Le résultat moyen est 19 sur 56
Statistiques - réponses
% Correct
Velociraptor
83%
Tyrannosaure
78%
Triceratops
75%
Ankylosaure
73%
Indominus rex
70%
Brachiosaure
69%
Stegosaure
68%
Spinosaure
64%
Mosasaure
62%
Indoraptor
58%
Pteranodon
58%
Allosaure
53%
Carnotaure
52%
Pachycephalosaure
47%
Dilophosaure
46%
Gallimimus
43%
Pyroraptor
43%
Giganotosaure
42%
Baryonyx
41%
Parasaurolophus
41%
Dimorphodon
40%
Apatosaure
39%
Compsognathus
39%
Ceratosaure
35%
Therizinosaure
35%
Dimetrodon
32%
Iguanodon
30%
Atrociraptor
28%
Distortus rex
28%
Scorpios rex
28%
Sinoceratops
27%
Titanosaure
27%
Kentrosaure
23%
Stygimoloch
23%
Corythosaure
22%
Suchomimus
22%
Oviraptor
20%
Mutadon
19%
Mamenchisaure
17%
Moros
17%
Nasutoceratops
16%
Lystrosaure
13%
Majungasaure
13%
Microceratus
13%
Monolophosaure
13%
Ouranosaure
13%
Tarbosaure
13%
Aquilops
11%
Spinoceratops
11%
Dreadnoughtus
10%
Quetzalcoaltlus
10%
Pachyrhinosaure
9%
Anurognathus
7%
Becklespinax
7%
Nothosaure
7%
Dunkleosteus
5%
Aucun quiz correspondant
Distribution des résultats
% des personnes avec chaque résultat
Percentile par nombre de réponses
Votre historique - résultats
Vous n’avez pas pris ce quiz depuis la dernière actualisation